Animated Movies by Picture - I - Statistics

General Stats
  • This quiz has been taken 435 times
  • The average score is 5 of 12
Answer Stats
Picture Answer % Correct
Ice Age
98%
The Incredibles
97%
Inside Out
96%
The Iron Giant
69%
Igor
38%
Isle of Dogs
38%
I Want to Eat Your Pancreas
14%
Interstella 5555: The 5tory of the 5ecret 5tar 5ystem
7%
The Illusionist
7%
I Lost My Body
5%
In This Corner of the World
4%
The Imaginary
3%
No matching quizzes found
Score Distribution
Percent of People with Each Score
Percentile by Number Answered
Your Score History
You have not taken this quiz